000 00916nam a2200253Ia 4500
003 OSt
005 20210302093012.0
008 191128s1990 ck fr 001 0 spa d
020 _a9589065058
040 _aCO-JMCR
_cCO-JMCR
041 0 _aspa
082 0 4 _a346.98082 /
_bR627c
_223
100 1 _aRodríguez Azuero, Sergio,
_eautor
_99089
245 1 0 _aContratos bancarios :
_bsu significación en América Latina /
_cSergio Rodríguez Azuero
250 _aCuarta edición
260 _aBogotá :
_bLegis ;
_c1990
300 _a708 páginas ;
_c23 cm. +
_e1 CD.
500 _aIncluye índice alfabético.
504 _aBibliografía : páginas 693-698
505 0 _aNociones fundamentales -- Contratos que anteceden la realización de operaciones pasivas -- Contratos que anteceden la realización de operaciones activas
650 1 4 _aBancos
_99090
650 1 4 _aDerecho bancario
_95831
942 _2ddc
_cBK
999 _c5780
_d5780